TOP 15 Les films de Margot Robbie - Statistiques

Statistiques générales
  • Ce quiz a été pris 105 fois
  • Le résultat moyen est 5 sur 15
Statistiques - réponses
Top Année Réalisateur/Réalisatrice Réponse % Correct
7 2023 Greta Gerwing Barbie
87%
1 2013 Martin Scorsese Le Loup de Wall Street
83%
6 2021 James Gunn The Suicide Squad
60%
5 2016 David Ayer Suicide Squad
59%
3 2022 Damin Chazelle Babylon
54%
11 2015 Glenn Ficarra et John Requa Diversion
29%
4 2017 Craig Gillespie Moi, Tonya
23%
10 2020 Cathy Yan Birds of Prey
21%
2 2019 Quentin Tarantino Once Upon a Time... in Holywood
18%
15 2023 Wes Anderson Asteroid City
16%
13 2016 David Yates Tarzan
16%
8 2015 Adam McKay The Big Short
13%
12 2019 Jay Roach Scandale
7%
9 2013 Richard Curtis Il était temps
6%
14 2018 Josie Rourke Marie Stuart, Reine d'Ecosse
4%
Aucun quiz correspondant
Distribution des résultats
% des personnes avec chaque résultat
Percentile par nombre de réponses
Votre historique - résultats
Vous n’avez pas pris ce quiz